000
00292 a2200145 4500
001
182892
020
_a
040
_c
Magnum
100
_a
Lacerda, Sérgio
240
1
0
_a
Jardim de pedras
_l
por
245
1
0
_a
Jardim de pedras
300
_a
41
697
_a
LITERATURA GERAL
942
_c
BK
999
_c
182892
_d
182892